000 00679nam a2200229 a 4500
001 72728
003 BD-RjUL
005 20211209082313.0
008 170523r19541953enkao 001 0 eng d
035 _a(BD-RjUL)72946
040 _aKSU
_cKSU
_dORL
_dUKM
_dEQO
_dBD-RjUL
_beng
041 _aeng
082 _223
_a584.4
_bRIS 1954
100 1 _aRittershausen, P. R. C.
_9215128
245 1 0 _aSuccessful orchid culture /
_cP. R. C. Rittershausen
260 _aLondon :
_bW. H. and L. Collingridge ;
_c1953 [Impression 1954]
300 _a136 p. :
_billus. ;
_c22 cm.
500 _aIncludes index
650 0 _aOrchid culture.
_9215129
650 0 _aOrchid
_9215129
942 _2ddc
_cBK
999 _c72728
_d72728